000 00519nmm a2200169Ia 4500
008 251105s9999||||xx |||||||||||||||||und||
041 _aspa
100 _aRandall, Cecilia
245 0 _aLos días del halcón :
_b Las tormentas del tiempo 1
264 _a[Madrid, España] :
_bEdiciones B,
_c2017
300 _a773 páginas
650 _aTeen & Young Adult Fiction
700 _aRandall, Cecilia
700 1 _a Gentile Vitale, Juan Carlos
856 _uhttps://public.digitaliapublishing.com/a/54465
942 _cCF
999 _c70355
_d70355